000 00448nam a2200169Ia 4500
008 220531s9999 xx 000 0 und d
041 _amar
100 _aदाभोलकर शैला
_944372
245 _aवयात येताना मुलांसाठी
250 _a1ST
260 _bA. N. S.
_c1999
300 _a16
542 _d28-02-2002
650 _aSociology
_944373
906 _d2001-2002
999 _c26286
_d26286